Statistiken für Stadtbezirke von München

Klicken Sie hier um das Quiz zu spielen!

Allgemein

  • Dieses Quiz wurde 418 mal gespielt
  • Das Durchschnittsergebnis liegt bei 16 aus 25

Antworten auf der Karte

Die Antworten werden auf der Karte rot bzw. grün angezeigt, abhängig davon wie oft sie richtig erraten wurden.
 

Antwortstatistiken

Nr.Bezirk% Korrekt
12Schwabing-Freimann
84%
21Pasing-Obermenzing
79%
4Schwabing-West
78%
3Maxvorstadt
74%
1Altstadt-Lehel
73%
15Trudering-Riem
73%
7Sendling-Westpark
69%
18Untergiesing-Harlaching
69%
6Sendling
68%
17Obergiesing-Fasangarten
67%
25Laim
66%
5Au-Haidhausen
65%
13Bogenhausen
63%
24Feldmoching-Hasenbergl
61%
16Ramersdorf-Perlach
61%
10Moosach
60%
9Neuhausen-Nymphenburg
58%
19Thalkirchen-Obersendling- Forstenried-Fürstenried-Solln
58%
2Ludwigsvorstadt-Isarvorstadt
57%
14Berg am Laim
50%
23Allach-Untermenzing
49%
11Milbertshofen-Am Hart
49%
22Aubing-Lochhausen-Langwied
45%
20Hadern
45%
8Schwanthalerhöhe
36%

Verteilung der Resultate

Perzentil nach korrekt beantworteten Fragen

Anzahl Personen mit jedem Resultat

Ihre Resultats-Entwicklung

Sie haben dieses Quiz noch nicht gespielt